The Indian state 1947-98 (50 years) / (Record no. 123368)

MARC details
000 -LEADER
fixed length control field 00786nam a22002537a 4500
005 - DATE AND TIME OF LATEST TRANSACTION
control field 20170124105924.0
010 ## - LIBRARY OF CONGRESS CONTROL NUMBER
LC control number A-896371
020 ## - INTERNATIONAL STANDARD BOOK NUMBER
Terms of availability 00.00
International Standard Book Number 8175410280
035 ## - SYSTEM CONTROL NUMBER
System control number A-896371
037 ## - SOURCE OF ACQUISITION
Source of stock number/acquisition Cen Lib/Ret
040 ## - CATALOGING SOURCE
Original cataloging agency DPL
Language of cataloging EN
082 ## - DEWEY DECIMAL CLASSIFICATION NUMBER
Classification number 320.954
Item number BHA
100 ## - MAIN ENTRY--PERSONAL NAME
Personal name Bhambhri,C.P.
9 (RLIN) 5649
245 ## - TITLE STATEMENT
Title The Indian state 1947-98 (50 years) /
Statement of responsibility, etc by C.P. Bhambhri
260 ## - PUBLICATION, DISTRIBUTION, ETC. (IMPRINT)
Place of publication, distribution, etc Delhi
Name of publisher, distributor, etc Shipra publications
Date of publication, distribution, etc 1997
270 ## - ADDRESS
Address 115A,Vikas marg Shakarpur
City Delhi
Postal code 110092
300 ## - PHYSICAL DESCRIPTION
Extent 368p.
Dimensions 20cm(Hb)
500 ## - GENERAL NOTE
General note Includes index
650 ## - SUBJECT ADDED ENTRY--TOPICAL TERM
Topical term or geographic name as entry element Political science
9 (RLIN) 62634
650 ## - SUBJECT ADDED ENTRY--TOPICAL TERM
Topical term or geographic name as entry element Globalization
9 (RLIN) 5651
650 ## - SUBJECT ADDED ENTRY--TOPICAL TERM
Topical term or geographic name as entry element राजनीति विज्ञान
9 (RLIN) 62635
650 ## - SUBJECT ADDED ENTRY--TOPICAL TERM
Topical term or geographic name as entry element भूमंडलीकरण
9 (RLIN) 62636
942 ## - ADDED ENTRY ELEMENTS (KOHA)
Source of classification or shelving scheme Dewey Decimal Classification
Koha item type English Books
Classification part 320.954
Call number suffix BHA
Holdings
Withdrawn status Lost status Damaged status Not for loan Home library Current library Date acquired Source of acquisition Cost, normal purchase price Total Checkouts Full call number Barcode Date last seen Copy number Cost, replacement price Price effective from Koha item type
        Central Library Central Library 05/06/2015 Cen Lib/Ret 0.00   320.954 BHA A-896371 05/06/2015 1 0.00 05/06/2015 English Books

© Delhi Public Library
Hit Counter
free hit counter